Normal view
MARC view
- المقالات العربية - القرن العشرون - الاردن الصحفيون - مقالات ومحلضرات
Entry Topical Term
001 - CONTROL NUMBER
- control field: 49541
003 - CONTROL NUMBER IDENTIFIER
- control field: JO-AjAnu
005 - DATE AND TIME OF LATEST TRANSACTION
- control field: 20230606082149.0
008 - FIXED-LENGTH DATA ELEMENTS
- fixed length control field: 230606|| aca||aabn | a|a d
040 ## - CATALOGING SOURCE
- Original cataloging agency: JO-AjAnu
- Transcribing agency: JO-AjAnu
150 ## - HEADING--TOPICAL TERM
- Topical term or geographic name entry element: المقالات العربية - القرن العشرون - الاردن الصحفيون - مقالات ومحلضرات
670 ## - SOURCE DATA FOUND
- Source citation: Work cat.: (JO-AjAnu)25333: البسومي، فوز الدين, author 49540, النحت في الذاكرة : شهادات